ARRUPE JESUIT UNIVERSITY

CORONAVIRUS -STOP THE SPREAD - CLEAN,DISINFECT,COVER

Albert Schweitzer: the man and his mind. (Record no. 120152)

MARC details
000 -LEADER
fixed length control field 00812cam a2200277 4500
001 - CONTROL NUMBER
control field 4619360
003 - CONTROL NUMBER IDENTIFIER
control field ARRUPE
005 - DATE AND TIME OF LATEST TRANSACTION
control field 20140221171215.0
008 - FIXED-LENGTH DATA ELEMENTS--GENERAL INFORMATION
fixed length control field 700501s1969 enkacf b 001 0beng
010 ## - LIBRARY OF CONGRESS CONTROL NUMBER
LC control number 77455602
015 ## - NATIONAL BIBLIOGRAPHY NUMBER
National bibliography number B69-29360
020 ## - INTERNATIONAL STANDARD BOOK NUMBER
International Standard Book Number 0713609486
040 ## - CATALOGING SOURCE
Original cataloging agency DLC
Transcribing agency DLC
Modifying agency DLC
050 00 - LIBRARY OF CONGRESS CALL NUMBER
Classification number CT1098.S45
Item number S35 1969
082 00 - DEWEY DECIMAL CLASSIFICATION NUMBER
Classification number 610/.92
-- B
300 ## - PHYSICAL DESCRIPTION
Other physical details illus., ports.
Dimensions 24 cm.
100 1# - MAIN ENTRY--PERSONAL NAME
Personal name Seaver, George,
Dates associated with a name 1890-
9 (RLIN) 8899
245 00 - TITLE STATEMENT
Title Albert Schweitzer: the man and his mind.
250 ## - EDITION STATEMENT
Edition statement 6th, definitive ed.
260 ## - PUBLICATION, DISTRIBUTION, ETC. (IMPRINT)
Place of publication, distribution, etc London,
Name of publisher, distributor, etc Black,
Date of publication, distribution, etc 1969.
300 ## - PHYSICAL DESCRIPTION
Extent xiii, 365 p., 24 plates.
350 ## - PRICE (NR) (BK AM CF MU VM SE) [OBSOLETE]
Price 35/-
504 ## - BIBLIOGRAPHY, ETC. NOTE
Bibliography, etc Includes bibliographical references.
600 10 - SUBJECT ADDED ENTRY--PERSONAL NAME
Personal name Schweitzer, Albert,
Dates associated with a name 1875-1965.
9 (RLIN) 8900
906 ## - LOCAL DATA ELEMENT F, LDF (RLIN)
a 7
b cbc
c orignew
d u
e ncip
f 19
g y-gencatlg
942 ## - ADDED ENTRY ELEMENTS (KOHA)
Source of classification or shelving scheme Library of Congress Classification
Koha item type Monograph ( Printed materials)
Holdings
Withdrawn status Lost status Source of classification or shelving scheme Damaged status Not for loan Collection code Home library Current library Shelving location Date acquired Total Checkouts Full call number Barcode Date last seen Price effective from Koha item type
    Library of Congress Classification     Main Collection ARRUPE LIBRARY ARRUPE LIBRARY Main Collection 21/02/2014   CT1098.S45 S444 1951 46500002103 10/10/2017 21/02/2014 Monograph ( Printed materials)

 

Arrupe Library. PO Box MP320 Mt Pleasant, Harare, Zimbabwe
263 242 745411|librarian@aju.ac.zw